Blood Cute (Record no. 1484)

MARC details
000 -LEADER
fixed length control field 00709nam a2200217 a 4500
001 - CONTROL NUMBER
control field 12973722
003 - CONTROL NUMBER IDENTIFIER
control field OverDrive
005 - DATE AND TIME OF LATEST TRANSACTION
control field 20260615040519.0
008 - FIXED-LENGTH DATA ELEMENTS--GENERAL INFORMATION
fixed length control field 260614s o 000 0 en d
020 ## - INTERNATIONAL STANDARD BOOK NUMBER
International Standard Book Number 9798234016195
041 0# - LANGUAGE CODE
Language code of text/sound track or separate title en
100 1# - MAIN ENTRY--PERSONAL NAME
Personal name Stine, Rachel A
Relator term author
245 10 - TITLE STATEMENT
Title Blood Cute
264 #1 - PRODUCTION, PUBLICATION, DISTRIBUTION, MANUFACTURE, AND COPYRIGHT NOTICE
Name of producer, publisher, distributor, manufacturer R. A. Stine Books
Date of production, publication, distribution, manufacture, or copyright notice 05/19/2026
336 ## - CONTENT TYPE
Content type term text
Source rdacontent
650 #7 - SUBJECT ADDED ENTRY--TOPICAL TERM
Topical term or geographic name entry element Fiction
Source of heading or term overdrive
650 #7 - SUBJECT ADDED ENTRY--TOPICAL TERM
Topical term or geographic name entry element Mystery
Source of heading or term overdrive
650 #7 - SUBJECT ADDED ENTRY--TOPICAL TERM
Topical term or geographic name entry element LGBTQIA+ (Fiction)
Source of heading or term overdrive
856 42 - ELECTRONIC LOCATION AND ACCESS
Uniform Resource Identifier <a href="https://img1.od-cdn.com/ImageType-400/8010-1/{1F5F4AF6-05F4-41E1-BDE1-00149E7C2753}IMG400.JPG">https://img1.od-cdn.com/ImageType-400/8010-1/{1F5F4AF6-05F4-41E1-BDE1-00149E7C2753}IMG400.JPG</a>
Public note Cover image
856 40 - ELECTRONIC LOCATION AND ACCESS
Uniform Resource Identifier <a href="https://libbyapp.com/library/queerliblib/generated-1/page-1/12973722">https://libbyapp.com/library/queerliblib/generated-1/page-1/12973722</a>
Link text Borrow on Libby

No items available.